Democracy Transformed? : (Record no. 14338)
[ view plain ]
| 000 -LEADER | |
|---|---|
| fixed length control field | 01642cam a22003494a 4500 |
| 001 - CONTROL NUMBER | |
| control field | 13352551 |
| 005 - DATE AND TIME OF LATEST TRANSACTION | |
| control field | 20060722150716.0 |
| 008 - FIXED-LENGTH DATA ELEMENTS--GENERAL INFORMATION | |
| fixed length control field | 030925s2003 enk | b 101 0 eng d |
| 010 ## - LIBRARY OF CONGRESS CONTROL NUMBER | |
| LC control number | 2003066203 |
| 020 ## - INTERNATIONAL STANDARD BOOK NUMBER | |
| International Standard Book Number | 9780199291649 |
| 040 ## - CATALOGING SOURCE | |
| Original cataloging agency | DLC |
| Transcribing agency | DLC |
| Modifying agency | DLC |
| 042 ## - AUTHENTICATION CODE | |
| Authentication code | pcc |
| 050 00 - LIBRARY OF CONGRESS CALL NUMBER | |
| Classification number | JC421 |
| Item number | .D46373 2003 |
| 082 00 - DEWEY DECIMAL CLASSIFICATION NUMBER | |
| Classification number | 321.8 |
| Edition number | 22 |
| Item number | DEM |
| 245 00 - TITLE STATEMENT | |
| Title | Democracy Transformed? : |
| Remainder of title | Expanding Political Opportunities in Advanced Industrial Democracies / |
| Statement of responsibility, etc | Edited by Bruce Cain, Russell J. Dalton, and Susan Scarrow. |
| 260 ## - PUBLICATION, DISTRIBUTION, ETC. (IMPRINT) | |
| Place of publication, distribution, etc | Oxford : |
| Name of publisher, distributor, etc | Oxford University Press, |
| Date of publication, distribution, etc | c2003. |
| 300 ## - PHYSICAL DESCRIPTION | |
| Extent | xviii, 309 p. ; |
| Dimensions | 24 cm. |
| 490 1# - Series Statement | |
| Series statement | Comparative politics ; |
| -- | 15703 |
| 504 ## - BIBLIOGRAPHY, ETC. NOTE | |
| Bibliography, etc | Includes bibliographical references and index. |
| 541 ## - IMMEDIATE SOURCE OF ACQUISITION NOTE | |
| Source of acquisition | Bacca ; |
| 650 #0 - SUBJECT ADDED ENTRY--TOPICAL TERM | |
| Topical term or geographic name as entry element | Democracy |
| General subdivision | History |
| Chronological subdivision | 20th century |
| Form subdivision | Congresses. |
| 9 (RLIN) | 15704 |
| 650 #0 - SUBJECT ADDED ENTRY--TOPICAL TERM | |
| Topical term or geographic name as entry element | Elections |
| General subdivision | History |
| Chronological subdivision | 20th century |
| Form subdivision | Congresses. |
| 9 (RLIN) | 15705 |
| 700 1# - ADDED ENTRY--PERSONAL NAME | |
| Personal name | Cain, Bruce E. |
| Relator term | Editor |
| 9 (RLIN) | 15706 |
| 700 1# - ADDED ENTRY--PERSONAL NAME | |
| Personal name | Dalton, Russell J. |
| Relator term | Editor |
| 9 (RLIN) | 15707 |
| 700 1# - ADDED ENTRY--PERSONAL NAME | |
| Personal name | Scarrow, Susan E. |
| Relator term | Editor |
| 9 (RLIN) | 15708 |
| 830 #0 - SERIES ADDED ENTRY--UNIFORM TITLE | |
| Uniform title | Comparative politics (Oxford University Press) |
| 9 (RLIN) | 15709 |
| 856 42 - ELECTRONIC LOCATION AND ACCESS | |
| Materials specified | Publisher description |
| Uniform Resource Identifier | <a href="http://www.loc.gov/catdir/enhancements/fy0615/2003066203-d.html">http://www.loc.gov/catdir/enhancements/fy0615/2003066203-d.html</a> |
| 856 41 - ELECTRONIC LOCATION AND ACCESS | |
| Materials specified | Table of contents only |
| Uniform Resource Identifier | <a href="http://www.loc.gov/catdir/enhancements/fy0615/2003066203-t.html">http://www.loc.gov/catdir/enhancements/fy0615/2003066203-t.html</a> |
| 942 ## - ADDED ENTRY ELEMENTS (KOHA) | |
| Source of classification or shelving scheme | Dewey Decimal Classification |
| Item type | Book - Borrowing |
| Withdrawn status | Item status | Source of classification or shelving scheme | Damaged status | Not for loan | Vendor | Home library | Current library | Shelving location | Date acquired | Source of acquisition | Cost, normal purchase price | Serial Enumeration / chronology | Total Checkouts | Total Renewals | Full call number | Barcode | Date last seen | Date last borrowed | Koha item type |
|---|---|---|---|---|---|---|---|---|---|---|---|---|---|---|---|---|---|---|---|
| Dewey Decimal Classification | Baccah | Central Library | Central Library | First floor | 01/07/2010 | 203.00 | 10484 | 9 | 58 | 321.8 DEM | 000021376 | 15/07/2025 | 10/12/2020 | Book - Borrowing |